<tr>>GET THE H OUTTA HERE! |
<tr>
</tr>
<tr>
<tr>
<td>
</tr>
<tr>
>m class="correct_response">Lindbergh>r /> >able width="100%">>d class="right">Amy>tr> | >td>
</tr>
able>
|
<tr>
<td>
</tr>
<tr>
>m class="correct_response">George III>r /> >able width="100%">>d class="right">Mack>tr> | >td>
</tr>
able>
|
<tr>
<td>
</tr>
<tr>
>m class="correct_response">a soft pretzel>r /> >able width="100%">>d class="right">Amy>tr> | >td>
</tr>
able>
|
<tr>
<td>
</tr>
<tr>
>m class="correct_response">>A Hard Day's Night>r /> >able width="100%">>d class="right">Amy>tr> | >td>
</tr>
able>
|
<tr>
<td>
</tr>
<tr>
>m class="correct_response">(James) Patterson>r /> >able width="100%">>d class="right">Amy>tr> | >td>
</tr>
able>
|
<tr>
<td>
</tr>
<tr>
(Amy: What's thorn and [*]?) >r />m class="correct_response">torn>r /> >able width="100%">>d class="right">Amy>tr> | >td>
</tr>
able>
|
</tr>
<tr>
<tr>
<td>
</tr>
<tr>
>m class="correct_response">red tape>r />r />able>>d class="wrong">Triple Stumper>tr> | >td>
</tr>
able>
|
<tr>
<td>
</tr>
<tr>
>m class="correct_response">William the Conqueror>r /> >able width="100%">>d class="right">Amy>tr> | >td>
</tr>
able>
|
<tr>
<td>
</tr>
<tr>
>m class="correct_response">a jawbreaker>r /> >able width="100%">>d class="right">Heidi>tr> | >td>
</tr>
able>
|
<tr>
<td>
</tr>
<tr>
>m class="correct_response">Epstein>r /> >able width="100%">>d class="right">Amy>tr> | >td>
</tr>
able>
|
<tr>
<td>
</tr>
<tr>
>m class="correct_response">Bosch>r /> >able width="100%">>d class="right">Amy>tr> | >td>
</tr>
able>
|
<tr>
<td>
</tr>
<tr>
(Ken: That's [*], cloth to [*].) >r />m class="correct_response">clot>r />r />able>>d class="wrong">Triple Stumper>tr> | >td>
</tr>
able>
|
</tr>
<tr>
<tr>
<td>
</tr>
<tr>
>m class="correct_response">lace>r /> >able width="100%">>d class="right">Amy>tr> | >td>
</tr>
able>
|
<tr>
<td>
</tr>
<tr>
>m class="correct_response">Henry VIII>r /> >able width="100%">>d class="right">Amy>tr> | >td>
</tr>
able>
|
<tr>
<td>
</tr>
<tr>
>m class="correct_response">a Tootsie Pop>r /> >able width="100%">>d class="right">Mack>tr> | >td>
</tr>
able>
|
<tr>
<td>
</tr>
<tr>
>m class="correct_response">Peter Jackson>r /> >able width="100%">>d class="right">Mack>tr> | >td>
</tr>
able>
|
<tr>
<td>
</tr>
<tr>
>m class="correct_response">Blue Dress>r /> >able width="100%">>d class="right">Amy>tr> | >td>
</tr>
able>
|
<tr>
<td>
</tr>
<tr>
>m class="correct_response">the iris (from Irish)>r /> >able width="100%">>d class="right">Amy>tr> | >td>
</tr>
able>
|
</tr>
<tr>
<tr>
<td>
</tr>
<tr>
>m class="correct_response">Videotape>r /> >able width="100%">>d class="right">Amy>tr> | >td>
</tr>
able>
|
<tr>
<td>
</tr>
<tr>
>m class="correct_response">John>r /> >able width="100%">>d class="right">Mack>tr> | >td>
</tr>
able>
|
<tr>
<td>
</tr>
<tr>
>m class="correct_response">carrots>r />r />able>>d class="wrong">Triple Stumper>tr> | >td>
</tr>
able>
|
<tr>
<td>
</tr>
<tr>
>m class="correct_response">>Yesterday>r /> >able width="100%">>d class="right">Amy>tr> | >td>
</tr>
able>
|
<tr>
<td>
</tr>
<tr>
>m class="correct_response">Grafton>r /> >able width="100%">>d class="right">Amy>tr> | >td>
</tr>
able>
|
<tr>
<td>
</tr>
<tr>
(Ken: Yes, hallow to [*]; I saw the light bulb turn on there.) >r />m class="correct_response">allow>r /> >able width="100%">>d class="right">Amy>tr> | >td>
</tr>
able>
|
</tr>
<tr>
<tr>
<td>
</tr>
<tr>
>m class="correct_response">magnetic tape>r />r />able>>d class="wrong">Triple Stumper>tr> | >td>
</tr>
able>
|
<tr>
<td>
</tr>
<tr>
>m class="correct_response">Richard III>r /> >able width="100%">>d class="right">Mack>tr> | >td>
</tr>
able>
|
<tr>
<td>
</tr>
<tr>
(Ken: Carmel gets an "A" and becomes [*].) >r />m class="correct_response">caramel>r /> >able width="100%">>d class="right">Amy>tr> | >td>
</tr>
able>
|
<tr>
<td>
</tr>
<tr>
>m class="correct_response">Rick Rubin>r /> >able width="100%">>d class="right">Mack>tr> | >td>
</tr>
able>
|
<tr>
<td>
</tr>
<tr>
>m class="correct_response">Philip Marlowe>r /> >able width="100%">>d class="right">Mack>tr> | >td>
</tr>
able>
|
<tr>
<td>
</tr>
<tr>
(Ken: Phony to [*].) >r />m class="correct_response">a pony>r /> >able width="100%">>d class="right">Amy>tr> | >td>
</tr>
able>
|
</tr>